000 00426nam a2200181Ia 4500
001 8653
005 20260306160625.0
008 260306t2003||||xx |||||||||||||| ||spa||
041 _aESP
082 _a371.213
_bH28
100 _aGraham, Haydon
_eAUT
245 0 _aEnseñar valores:
_bun nuevo enfoque
260 _c2003
300 _a222 páginas :
_c24 cm.
650 _aGEN
654 _aCED
942 _cLIB
_dJUS
_fJUS
_2ddc
_n
999 _c8653
_d8653